00733 2200277 4500001002100000005001500021035002000036007000300056008004100059100001200100245005700112250000900169300003500178504002900213020002200242082000800264084001400272090001800286260003000304600001500334850001000349990002400359990002400383990002400407990002400431INLIS00000000000225120260603090045 a0010-0220000102ta260603 0  aMadcoms1 aMembangun Rumus dan Fungsi pada Microsoft /cMadcoms aEd.1 axx, 436 hlm. :bIlus. ;c23 cm aBibliografi, hlm 431-432 a978-979-29-6690-9 a005 a005 MEM m a616.025 NEN s aYogyakarta :bAndi,c2017 4aKarya Umum aPUPAD a31.720/DAK/DPK/2019 a31.717/DAK/DPK/2019 a31.718/DAK/DPK/2019 a31.719/DAK/DPK/2019